| 000 | 00654nam a2200205 a 4500 | ||
|---|---|---|---|
| 999 |
_c5085 _d5085 |
||
| 001 | 5085 | ||
| 003 | CDMR | ||
| 005 | 20211201140944.0 | ||
| 008 | 130130s1992||||||||||||||||||||||||||||d | ||
| 020 | _a8429734937 | ||
| 040 |
_aCDMR _bcat _cCDMR |
||
| 245 | 3 |
_aLa revista "El Ciervo" _b: historia y teoría de cuarenta años _cE. Cierco...[et al.] ; edición al cuidado de J. A. González Casanova |
|
| 260 |
_aBarcelona _c1992 _bPenínsula |
||
| 300 |
_a253 p ; _c18 cm |
||
| 490 | 0 |
_aNexos _v48 |
|
| 630 | 0 |
_94749 _aEl Ciervo (Revista) |
|
| 650 | 0 | 4 |
_aRevistes _zCatalunya _92769 |
| 700 | 1 |
_aGonzález Casanova, José Antonio _eed. lit. _9378 |
|
| 942 |
_cMON _2udc |
||